How to prepare verbal ability and reading comprehension for CAT / (Record no. 103463)

MARC details
000 -LEADER
fixed length control field 00901nam a22002537a 4500
005 - DATE AND TIME OF LATEST TRANSACTION
control field 20170810102818.0
010 ## - LCCN (DPL NO)
LC control number ENG-116052
020 ## - INTERNATIONAL STANDARD BOOK NUMBER
Terms of availability 795.00
International Standard Book Number 9789352602261
020 ## - INTERNATIONAL STANDARD BOOK NUMBER
International Standard Book Number 9352602269
Terms of availability 795.00
020 ## - INTERNATIONAL STANDARD BOOK NUMBER
International Standard Book Number 9789352602261
Terms of availability 825.00 (AV)
035 ## - SYSTEM CONTROL NUMBER
System control number EN-99584
035 ## - SYSTEM CONTROL NUMBER
System control number B-666150
037 ## - SOURCE OF ACQUISITION
Source of stock number/acquisition DBAD/PUB
082 ## - DEWEY DECIMAL CLASSIFICATION NUMBER
Classification number 000
100 ## - MAIN ENTRY--PERSONAL NAME
Personal name Sharma, Arun
245 ## - TITLE STATEMENT
Title How to prepare verbal ability and reading comprehension for CAT /
Statement of responsibility, etc by Arun Sharma [and] Meenakshi Upadhyay
250 ## - EDITION STATEMENT
Edition statement seventh edition
260 ## - PUBLICATION, DISTRIBUTION, ETC. (IMPRINT)
Place of publication, distribution, etc Noida
Name of publisher, distributor, etc McGraw Hill Education
Date of publication, distribution, etc 2017
270 ## - ADDRESS
Address B-4, Sector - 63, Gautam Budh Nagar,
City Noida (UP)
Postal code 201301
300 ## - PHYSICAL DESCRIPTION
Extent Various pagings
Dimensions 25cm(pbk)
700 ## - ADDED ENTRY--PERSONAL NAME
Personal name Upadhyay, Meenakshi
942 ## - ADDED ENTRY ELEMENTS (KOHA)
Source of classification or shelving scheme Dewey Decimal Classification
Item type English Books
Call number suffix SHA
Classification part 000
Holdings
Withdrawn status Lost status Not for loan Collection code Home library Current library Date acquired Source of acquisition Cost, normal purchase price Full call number Barcode Copy number Cost, replacement price Koha item type
      Non-fiction Ashok Vihar Ashok Vihar 10/08/2017 BPPD/EN/2014-15/AV/2016-17/429/15.2.2017/561/28.2.2017/ 10.3.2017 825.00 000 SHA B-666150 1 825.00 English Books
    Not For Loan Non-fiction D.B.Act.Division D.B.Act.Division 20/09/2016 DBAD/PUB 795.00 000 SHA EN-99584 1 795.00 English Books

© Delhi Public Library
Hit Counter
free hit counter